Statistiques concernant Nombres en latin

Cliquez ici pour prendre le quiz!

Statistiques générales

  • Ce quiz a été pris 79 fois
  • Le résultat moyen est 13 sur 20

Statistiques - réponses

LatinNombre% Correct
decem10
100%
mīlle mīlia1000
100%
decem mīlia10000
100%
octōdecim18
100%
duo2
100%
duo mīlia2000
100%
vīgintī duo22
100%
vīgintī octō28
100%
trēs3
100%
trīgintā30
100%
trecentī300
100%
trīgintā ūnus31
100%
trīgintā duo32
100%
trīgintā quattuor34
100%
trīgintā quīnque35
100%
quattuor mīlia4000
100%
quadrāgintā duo42
100%
quadrāgintā quīnque45
100%
quīnque5
100%
quīnquāgintā quattuor54
100%
sex6
100%
sexāgintā60
100%
sexāgintā quīnque65
100%
sexāgintā novem69
100%
septem7
100%
septuāgintā duo72
100%
septuāgintā quattuor74
100%
septuāgintā septem77
100%
septuāgintā octō78
100%
octōgintā trēs83
100%
octōgintā septem87
100%
nōnāgintā90
100%
nōngentī900
100%
nōnāgintā ūnus91
100%
nōnāgintā quattuor94
100%
nōnāgintā sex96
100%
nōnāgintā octō98
100%
nōnāgintā novem99
100%
octō8
75%
octōgintā quattuor84
75%
duodecim12
67%
trīgintā septem37
67%
trīgintā octō38
67%
quattuor4
67%
quīnquāgintā duo52
67%
quīnquāgintā trēs53
67%
quīnquāgintā octō58
67%
octōgintā sex86
67%
centum100
50%
ūndecim11
50%
vīgintī sex26
50%
vīgintī septem27
50%
vīgintī novem29
50%
trīgintā novem39
50%
quadrāgintā sex46
50%
quīnquāgintā ūnus51
50%
sex mīlia6000
50%
sexāgintā duo62
50%
sexāgintā quattuor64
50%
septuāgintā trēs73
50%
septuāgintā quīnque75
50%
novem9
50%
nōnāgintā duo92
50%
nōnāgintā trēs93
50%
quīnquāgintā septem57
33%
ūnus1
0%
trēdecim13
0%
quattuordecim14
0%
quīndecim15
0%
sēdecim16
0%
septendecim17
0%
novemdecim19
0%
vīgintī20
0%
ducentī200
0%
vīgintī ūnus21
0%
vīgintī trēs23
0%
vīgintī quattuor24
0%
vīgintī quīnque25
0%
trēs mīlia3000
0%
trīgintā trēs33
0%
trīgintā sex36
0%
quadrāgintā40
0%
quadringentī400
0%
quadrāgintā ūnus41
0%
quadrāgintā trēs43
0%
quadrāgintā quattuor44
0%
quadrāgintā septem47
0%
quadrāgintā octō48
0%
quadrāgintā novem49
0%
quīnquāgintā50
0%
quīngentī500
0%
quīnque mīlia5000
0%
quīnquāgintā quīnque55
0%
quīnquāgintā sex56
0%
quīnquāgintā novem59
0%
sescentī600
0%
sexāgintā ūnus61
0%
sexāgintā trēs63
0%
sexāgintā sex66
0%
sexāgintā septem67
0%
sexāgintā octō68
0%
septuāgintā70
0%
septingentī700
0%
septem mīlia7000
0%
septuāgintā ūnus71
0%
septuāgintā sex76
0%
septuāgintā novem79
0%
octōgintā80
0%
octingentī800
0%
octō mīlia8000
0%
octōgintā ūnus81
0%
octōgintā duo82
0%
octōgintā quīnque85
0%
octōgintā octō88
0%
octōgintā novem89
0%
novem9000
0%
nōnāgintā quīnque95
0%
nōnāgintā septem97
0%

Distribution des résultats

Percentile par nombre de réponses

% des personnes avec chaque résultat

Votre développement - résultats

Vous n’avez pas pris ce quiz